000 00206nam a2200085Ia 4500
008 120527s9999 xx 000 0 und d
100 _aCozby, C. paul
245 _aMethods in behavioural research
942 _cBK
999 _c27443
_d27443